Регионална библиотека "Любен Каравелов" - Русе

Angst essen Seele auf [DVD видео] (Запис номер 222838)

MARC детайли
000 -Лидер
Контролно поле с фиксирана дължина 01145ngm a2200337 a 4500
003 - Код на организацията, давaща контролен номер
Контролно поле BLK
005 - Дата и час на последна редакция
Контролно поле 20240612130053.0
008 - Елементи от данни с фиксирана дължина
fixed length control field 180410b bul||n||s|||||||| mlbulo|
010 ## - Наследен системен номер
LC control number CDD00004800000
040 ## - Източник на каталожния запис
Идентификатор на билиотеката - собственик на записа BLK
041 ## - Код за език
Код за езика на текст/звукозапис или на отделно заглавие Немски
Код за езика КДБФ Немски
080 ## - УДК
Текстов определител УДК Художествени филмови жанрове
УДК код - определител по УДК 791.221/.228
УДК - код + определител 791.221/.228
139 ## - Редно поле
Авторски знак Fas - F 26
245 10 - Сведения за заглавието
Заглавие Angst essen Seele auf [DVD видео]
Редно поле (дума) drehbuchaut. und reg. Rainer Werner Fassbinder; darst. Brigitte Mira; darst. El Hedi Ben Salem; darst. Barbara Valentin.
257 ## - Страна на издаване
Страна на създаване/издаване Германия
260 ## - Област на издателските данни
Име на издателя, разпространителя и проч. Goethe Inst.
Година на издаване s.a.
Дата на отпечатване 1973/74
Място на издаване, разпространение и проч. Munchen
300 ## - Физическа характеристика
Страници 1 DVD
Илюстрации и др. PAL : цв.
Размери/Мащаб 12 см
380 ## - Жанр
Жанр Изкуство
490 ## - СЕРИИ (Колекции)
Име на серия Fassbinder-Edition
700 1# - Други автори (авторска отговорност)
Лично име Fassbinder, Rainer Werner
Автороска отговорност (Описва отношението между автора и произведението) drehbuchaut. und reg.
9 (RLIN) 9806
700 1# - Други автори (авторска отговорност)
Лично име Mira, Brigitte
Автороска отговорност (Описва отношението между автора и произведението) darst.
9 (RLIN) 354838
700 1# - Други автори (авторска отговорност)
Лично име Ben Salem, El Hedi
Автороска отговорност (Описва отношението между автора и произведението) darst.
9 (RLIN) 354839
700 1# - Други автори (авторска отговорност)
Лично име Valentin, Barbara
Автороска отговорност (Описва отношението между автора и произведението) darst.
9 (RLIN) 354840
852 ## - Местоположение
Форматна сигнатура Цб CD 2818
Част 0
856 4# - Електронен адрес и достъп
Електронен формат pdf - файл
Път до файла /url/
856 4# - Електронен адрес и достъп
Електронен формат pdf - файл
Път до файла /url/
942 ## - АРТИКУЛИ
Вид на библиотечния материал Компактдискове
Скрит в OPAC Не
944 ## - СЪЗДАВАНЕ И РЕДАКЦИЯ на ЗАПИСА
Създаване/Редакция Създаване
Дата на регистрацията/редакция 13.05.2011
Служител, извършил регистрацията/редакцията 30542
Статус, дата на статуса Русанова Ирена
944 ## - СЪЗДАВАНЕ И РЕДАКЦИЯ на ЗАПИСА
Създаване/Редакция Редакция
Дата на регистрацията/редакция 13.05.2011
999 ## - СИСТЕМНИ КОНТРОЛНИ НОМЕРА
Koha biblionumber 222838
Koha biblioitemnumber 222838
999 ## - СИСТЕМНИ КОНТРОЛНИ НОМЕРА
Koha biblioitemnumber 222838
Наличности
Код за отписване Код за изгубен артикул Източник на класификационната схема Код за повреда Коз за рестрикции Код за отдаване Артикулен № Име на библиотеката - собственик Име на библиотеката, в която се намира в момента Статус (Текущо местоположение) Дата на вписване в системата Местоположение - отдел Цена в лева Инвентарен номер Систематично азбучна сигнатура Баркод Номер на екземпляра Цена в евро Служебна бележка Служебен тип на артикула
  Не е изгубен Universal Decimal Classification Не е повреден без рестрикции заемане за дома 394847 Регионална библиотека "Любен Каравелов" Русе Регионална библиотека "Любен Каравелов" Русе Отдел Изкуство - подръчен фонд 2000-01-01 Отдел Изкуство - подръчен фонд 15.00 120000906710 791.221/228/F 26 120000906710 1 7.67 Дост: DA Вид: А N: стар фонд Дата: 01.01.2000 Съставил: Теодора_Стоянова Компактдискове
Vip Innovations Ltd, Rousse, Bulgaria 2025